Hotel for dogs / (Record no. 4)

MARC details
000 -LEADER
fixed length control field 01016nam a22003017a 4500
001 - CONTROL NUMBER
control field 4
003 - CONTROL NUMBER IDENTIFIER
control field FISKH
005 - DATE AND TIME OF LATEST TRANSACTION
control field 20230220162024.0
008 - FIXED-LENGTH DATA ELEMENTS--GENERAL INFORMATION
fixed length control field 230220b cb ||||| |||| 00| 0 eng d
020 ## - INTERNATIONAL STANDARD BOOK NUMBER
International Standard Book Number 9780545109239
020 ## - INTERNATIONAL STANDARD BOOK NUMBER
International Standard Book Number 054510923X
040 ## - CATALOGING SOURCE
Original cataloging agency DLC
Transcribing agency DLC
Modifying agency DLC
-- FISKH
Language of cataloging eng
042 ## - AUTHENTICATION CODE
Authentication code lcac
050 00 - LIBRARY OF CONGRESS CALL NUMBER
Classification number PZ7
Item number .D9117 Ho 2008
082 00 - DEWEY DECIMAL CLASSIFICATION NUMBER
Classification number 428.64
Edition number 22
100 1# - MAIN ENTRY--PERSONAL NAME
Personal name Duncan, Lois,
Dates associated with a name 1934-2016.
245 10 - TITLE STATEMENT
Title Hotel for dogs /
Statement of responsibility, etc. by Lois Duncan.
260 ## - PUBLICATION, DISTRIBUTION, ETC.
Place of publication, distribution, etc. New York :
Name of publisher, distributor, etc. Scholastic,
Date of publication, distribution, etc. c2008.
300 ## - PHYSICAL DESCRIPTION
Extent 178 p.
Dimensions 20 cm.
520 ## - SUMMARY, ETC.
Summary, etc. Liz and her brother wind up with nine stray dogs that need homes but must be kept a secret.
521 ## - TARGET AUDIENCE NOTE
Target audience note 730
Source Lexile
521 ## - TARGET AUDIENCE NOTE
Target audience note T
Source Raz-Paz
650 #1 - SUBJECT ADDED ENTRY--TOPICAL TERM
Topical term or geographic name entry element Dogs
Form subdivision Fiction.
856 42 - ELECTRONIC LOCATION AND ACCESS
Materials specified Publisher description
Uniform Resource Identifier <a href="http://www.loc.gov/catdir/enhancements/fy1116/2008022767-d.html">http://www.loc.gov/catdir/enhancements/fy1116/2008022767-d.html</a>
856 42 - ELECTRONIC LOCATION AND ACCESS
Materials specified Contributor biographical information
Uniform Resource Identifier <a href="http://www.loc.gov/catdir/enhancements/fy1301/2008022767-b.html">http://www.loc.gov/catdir/enhancements/fy1301/2008022767-b.html</a>
906 ## - LOCAL DATA ELEMENT F, LDF (RLIN)
a 7
b cbc
c orignew
d 1
e ecip
f 20
g y-gencatlg
942 ## - ADDED ENTRY ELEMENTS (KOHA)
Source of classification or shelving scheme Dewey Decimal Classification
Koha item type Books
Suppress in OPAC No
Holdings
Withdrawn status Lost status Source of classification or shelving scheme Damaged status Not for loan Collection Home library Current library Shelving location Date acquired Total Checkouts Full call number Barcode Date due Date last seen Date last checked out Price effective from Koha item type
    Dewey Decimal Classification     Juvenile Fiction Footprints International School Library Network Toul Kork Campus Footprints International School Library Network Toul Kork Campus TK Primary Library Room(4th Floor), Bookcase 5&6, Shelves 33-56, Orange Books 01/03/2023 2 DUN 428.64 PZ7.D9117 Ho 2008 FISTK04865 11/25/2025 11/11/2025 11/11/2025 01/03/2023 Books